| 000 | 00453nam a22001817a 4500 | ||
|---|---|---|---|
| 003 | MPLRDC | ||
| 005 | 20220104124357.0 | ||
| 008 | 210129b ||||| |||| 00| 0 eng d | ||
| 082 | _a982.9 QRL | ||
| 100 | _a陈纪滢 | ||
| 245 |
_a齐如老与梅兰芳 _c |
||
| 250 | _a再版 | ||
| 260 |
_a _b传记文学出版社 _c1969 |
||
| 300 | _b平 | ||
| 490 | _a传记文学丛书之六 | ||
| 650 | _a伶人传记; 演员传记 | ||
| 942 |
_cBK _o982.9 QRL |
||
| 999 |
_c18843 _d18833 |
||